| 000 | 00575nam a2200181Ia 4500 | ||
|---|---|---|---|
| 008 | 140609s9999 xx 000 0 und d | ||
| 020 | _a9789712351020 | ||
| 050 |
_aPL 5531 _b.L712 2008 |
||
| 100 | _aLacia, Ferdilyn C. | ||
| 245 | 4 |
_aThe literatures of the Philippines / _cFerdilyn C. Lacia, Mark G. Fabella, Lydia L. Libunao |
|
| 250 | _aRev. ed. | ||
| 260 |
_aManila, Philippines : _bRex Book store, _cc2008. |
||
| 300 |
_a318 p. : _bmap ; _c23 cm. |
||
| 500 | _aIncludes bibliographical references and index. | ||
| 521 | _aGE | ||
| 942 |
_kLOC _cBK |
||
| 999 |
_c118163 _d118163 |
||